Statistics for American/British TV Remakes with the Same Names

Click here to take the quiz!

General Stats

  • This quiz has been taken 69 times
  • The average score is 14 of 20

Answer Stats

HintAnswer% Correct
American To BritishTrump/SugarT{he} A{pprentice}
90%
British To AmericanPhone a friendW{ho} W{ants} T{o} B{e} A M{illionaire}?
90%
American To BritishSpin & guessW{heel} O{f} F{ortune}
89%
British To AmericanChef RamseyH{ell}'{s} K{itchen}
87%
British To AmericanPaper companyT{he} O{ffice}
83%
American To BritishGot moves?S{o} Y{ou} T{hink} Y{ou} C{an} D{ance}?
81%
American To BritishGuess the valuesT{he} P{rice} I{s} R{ight}
81%
British To AmericanStar qualityT{he} X F{actor}
79%
British To AmericanGenealogyW{ho} D{o} Y{ou} T{hink} Y{ou} A{re}?
79%
British To AmericanAnne RobinsonT{he} W{eakest} L{ink}
73%
British To AmericanImprov!W{hose} L{ine} I{s} I{t} A{nyway}?
71%
British To AmericanRichardson/SpaceyH{ouse} O{f} C{ards}
70%
British To AmericanQuiz pursuitT{he} C{hase}
67%
American To British100 year buysS{ale} O{f} T{he} C{entury}
65%
American To BritishGrocery rushS{upermarket} S{weep}
63%
American To BritishBook of youT{his} I{s} Y{our} L{ife}
63%
British To AmericanThe GallaghersS{hameless}
49%
American To BritishHoneycomb quizB{lockbusters}
44%
American To BritishEnjoyable homeF{un} H{ouse}
41%
American To BritishBelles & nerdsB{eauty} A{nd} T{he} G{eek}
37%

Score Distribution

Percentile by Number Answered

Percent of People with Each Score

Your Score History

You have not taken this quiz